[Event "Bergen Grand Prix"]
[Site "Bergen"]
[Date "2017.11.18"]
[Round "3"]
[White "Larsen, Tor Kristian"]
[Black "Haldorsen, Benjamin"]
[Result "0-1"]
[WhiteElo "1907"]
[BlackElo "2391"]
[PlyCount "62"]
[EventDate "2017.11.17"]
[EventType "swiss"]
[EventRounds "5"]
[EventCountry "NOR"]
[SourceTitle "EXT 2024"]
[Source "ChessBase"]
[SourceDate "2023.10.10"]
[SourceVersion "1"]
[SourceVersionDate "2023.10.10"]
[SourceQuality "1"]

1. Nf3 d5 2. d4 Nf6 3. c4 dxc4 4. e3 b5 5. a4 b4 6. Bxc4 e6 7. 0-0 Be7 8. Nbd2 Bb7 9. Qc2 0-0 10. Bd3 c5 11. dxc5 Nbd7 12. Nb3 Rc8 13. e4 Nxc5 14. Nxc5 Rxc5 15. Qe2 Rc8 16. Bf4 Nd7 17. Ba6 Bxa6 18. Qxa6 Nc5 19. Qxa7 Ra8 20. Qc7 Qxc7 21. Bxc7 Nxa4 22. Rab1 Rfc8 23. Bf4 Rc2 24. Bc1 Rd8 25. Ra1 Nc5 26. Ra7 Kf8 27. Rc7 b3 28. Ne5 Nxe4 29. Rxc2 bxc2 30. Nc6 Rd1 31. Nxe7 Kxe7 0-1

[Event "NOR-ch Klasse1"]
[Site "Stavanger"]
[Date "2017.07.01"]
[Round "9"]
[White "Rost, Bjorn"]
[Black "Larsen, Tor Kristian"]
[Result "0-1"]
[WhiteElo "1923"]
[BlackElo "2012"]
[PlyCount "174"]
[EventDate "2017.07.01"]
[EventType "swiss"]
[EventRounds "9"]
[EventCountry "NOR"]
[SourceTitle "EXT 2018"]
[Source "ChessBase"]
[SourceDate "2017.10.13"]
[SourceVersion "1"]
[SourceVersionDate "2017.10.13"]
[SourceQuality "1"]

1. e4 c6 2. d4 d5 3. exd5 cxd5 4. c4 Nf6 5. Nc3 Nc6 6. Nf3 Bg4 7. Be3 e6 8. cxd5 Nxd5 9. Be2 Be7 10. 0-0 0-0 11. Rc1 Rc8 12. Re1 Bb4 13. Rf1 Qa5 14. Nxd5 Qxd5 15. a3 Be7 16. h3 Bf5 17. Bc4 Qa5 18. Qb3 Be4 19. Nh2 Kh8 20. f3 Bd5 21. Bxd5 Qxd5 22. Qxb7 Bd6 23. Rc3 Rc7 24. Qb3 Bxh2+ 25. Kxh2 Qd6+ 26. g3 Qe7 27. Qc4 Rcc8 28. Qa4 Qb7 29. Qc2 Ne7 30. Rc5 Nd5 31. Bg1 Rb8 32. b4 Qa6 33. Qc1 Qd3 34. Kg2 Qe2+ 35. Bf2 Nb6 36. Re1 Qd3 37. Rd1 Qa6 38. Rd2 Rbd8 39. Ra5 Qb7 40. Rc2 Nd5 41. Rac5 h6 42. Re2 Qa6 43. Re5 Kg8 44. h4 Rd7 45. g4 Qb7 46. Be1 Ne7 47. Qe3 Rfd8 48. Bc3 Nd5 49. Qe4 Nxc3 50. Qxb7 Rxb7 51. Rxc3 Rxd4 52. Rc8+ Kh7 53. Ra5 Re7 54. Ra8 Rdd7 55. a4 e5 56. h5 g6 57. hxg6+ Kxg6 58. Ra6+ Kg5 59. Kg3 f6 60. b5 Rg7 61. Rf8 Rg6 62. Rc6 h5 63. Rh8 hxg4 64. Rc3 gxf3 65. Kxf3 f5 66. a5 Rgd6 67. Rg8+ Kf6 68. Rf8+ Ke6 69. Rb3 Rd3+ 70. Rxd3 Rxd3+ 71. Ke2 Rb3 72. Rb8 Kd5 73. b6 axb6 74. axb6 Ke4 75. Kd2 f4 76. b7 f3 77. Kc2 Rb5 78. Kd2 f2 79. Rf8 Rxb7 80. Ke2 Rb2+ 81. Kf1 Kd4 82. Rd8+ Ke3 83. Rd1 e4 84. Ra1 Kf3 85. Ra3+ e3 86. Rb3 Rb1+ 87. Rxb1 e2# 0-1

[Event "NOR-ch Class1"]
[Site "Oslo"]
[Date "2015.07.09"]
[Round "7"]
[White "Larsen, Tor Kristian"]
[Black "Moseng, Geir"]
[Result "0-1"]
[WhiteElo "1949"]
[BlackElo "1873"]
[PlyCount "68"]
[EventDate "2015.07.04"]
[EventType "swiss"]
[EventRounds "9"]
[EventCountry "NOR"]
[SourceTitle "EXT 2017"]
[Source "ChessBase"]
[SourceDate "2016.10.25"]
[SourceVersion "1"]
[SourceVersionDate "2016.10.25"]
[SourceQuality "1"]

1. Nf3 f5 2. c4 Nf6 3. g3 g6 4. Bg2 Bg7 5. d4 0-0 6. 0-0 d6 7. Nc3 e6 8. b3 Nc6 9. Ba3 a5 10. d5 Nb4 11. dxe6 Bxe6 12. Ng5 Bc8 13. Bb2 c6 14. Qd2 h6 15. Nh3 Qc7 16. Rfd1 Rd8 17. c5 d5 18. e3 Be6 19. Qe2 Bf7 20. Na4 Re8 21. a3 Na6 22. Qc2 Rad8 23. Bd4 Ne4 24. Nf4 Nb8 25. Nb6 Nd7 26. Nxd7 Rxd7 27. Nd3 Kh7 28. Qb2 Bg8 29. h4 Rde7 30. Rac1 g5 31. hxg5 hxg5 32. Bh3 Kg6 33. Kh2 Bxd4 34. exd4 Rh7 0-1

[Event "Bergen Grand Prix A"]
[Site "Bergen"]
[Date "2013.10.20"]
[Round "4"]
[White "Larsen, Tor Kristian"]
[Black "Martinsen, Stig K"]
[Result "0-1"]
[WhiteElo "1924"]
[BlackElo "2138"]
[PlyCount "112"]
[EventDate "2013.10.18"]
[EventType "swiss"]
[EventRounds "5"]
[EventCountry "NOR"]
[SourceTitle "EXT 2024"]
[Source "ChessBase"]
[SourceDate "2023.10.10"]
[SourceVersion "1"]
[SourceVersionDate "2023.10.10"]
[SourceQuality "1"]

1. Nf3 f5 2. c4 Nf6 3. Nc3 g6 4. g3 Bg7 5. Bg2 0-0 6. d4 d6 7. 0-0 c6 8. Rb1 Kh8 9. d5 e5 10. dxe6 Bxe6 11. b3 Na6 12. e4 fxe4 13. Ng5 Bg4 14. f3 exf3 15. Bxf3 Bf5 16. Rb2 Qa5 17. b4 Qe5 18. b5 Nb4 19. Qb3 Nd3 20. Re2 Nxc1 21. Rxc1 Qd4+ 22. Kg2 Bd3 23. Re7 Bxc4 24. Ne2 Bxb3 25. Nxd4 Bxa2 26. bxc6 bxc6 27. Nde6 Bxe6 28. Nxe6 Rfe8 29. Rxe8+ Rxe8 30. Nxg7 Kxg7 31. Rxc6 Rd8 32. Ra6 Rd7 33. Bc6 Rc7 34. Ba8 d5 35. Rd6 Rc5 36. Ra6 Rc7 37. Rd6 a5 38. Bc6 Ne4 39. Rxd5 Rxc6 40. Rxa5 h6 41. Ra4 Nd6 42. h4 Kf6 43. Ra2 Nf5 44. Kh2 Ke5 45. Kh3 Rc3 46. h5 gxh5 47. Kh2 Kf6 48. Rf2 Kg5 49. Ra2 Rxg3 50. Rf2 h4 51. Rf1 Nd4 52. Kh1 Nf5 53. Ra1 Rh3+ 54. Kg2 Rd3 55. Kh2 Kg4 56. Ra2 Rd4 0-1

[Event "Hordaland-ch NGP A"]
[Site "Bergen"]
[Date "2011.06.04"]
[Round "3"]
[White "Larsen, Tor Kristian"]
[Black "Birkeland, Trond"]
[Result "1-0"]
[WhiteElo "1961"]
[BlackElo "1821"]
[PlyCount "79"]
[EventDate "2011.06.03"]
[EventType "swiss"]
[EventRounds "5"]
[EventCountry "NOR"]
[SourceTitle "EXT 2024"]
[Source "ChessBase"]
[SourceDate "2023.10.10"]
[SourceVersion "1"]
[SourceVersionDate "2023.10.10"]
[SourceQuality "1"]

1. Nf3 Nf6 2. c4 g6 3. Nc3 Bg7 4. e4 d6 5. d4 0-0 6. Be2 e5 7. 0-0 Nc6 8. d5 Ne7 9. b4 Nh5 10. Re1 f5 11. Ng5 Nf6 12. Bf3 c6 13. b5 cxd5 14. cxd5 h6 15. Ne6 Bxe6 16. dxe6 fxe4 17. Nxe4 Nxe4 18. Bxe4 d5 19. Ba3 d4 20. Qd3 Rf6 21. Bxb7 Rb8 22. Bxe7 Qxe7 23. Bd5 Rf5 24. Rac1 Rd8 25. Bb3 Kh7 26. a4 Bf8 27. f3 Qh4 28. Re4 Qe7 29. Re2 Qh4 30. Rc7+ Be7 31. Qe4 Qg5 32. h4 Qf6 33. Qb7 Re8 34. Qc6 Qf8 35. Bc2 Rf6 36. Rxe5 Kh8 37. Qe4 Rd8 38. Rd7 Rxd7 39. exd7 Bd6 40. Re8 1-0

[Event "Hordaland-ch NGP A"]
[Site "Bergen"]
[Date "2011.06.04"]
[Round "2"]
[White "Martinsen, Stig K"]
[Black "Larsen, Tor Kristian"]
[Result "1-0"]
[WhiteElo "2075"]
[BlackElo "1961"]
[PlyCount "61"]
[EventDate "2011.06.03"]
[EventType "swiss"]
[EventRounds "5"]
[EventCountry "NOR"]
[SourceTitle "EXT 2024"]
[Source "ChessBase"]
[SourceDate "2023.10.10"]
[SourceVersion "1"]
[SourceVersionDate "2023.10.10"]
[SourceQuality "1"]

1. d4 Nf6 2. c4 e6 3. Nc3 Bb4 4. Qc2 0-0 5. e4 c5 6. a3 cxd4 7. axb4 dxc3 8. bxc3 d5 9. e5 Nfd7 10. f4 dxc4 11. Nf3 b5 12. Nd4 Qb6 13. Be3 Bb7 14. Nf5 Qc7 15. Nd6 Bc6 16. Be2 f6 17. 0-0 fxe5 18. fxe5 Rxf1+ 19. Rxf1 Nxe5 20. Ne4 Nf7 21. Nc5 Qe7 22. Bh5 Nd8 23. Qd2 Nd7 24. Bg5 Nf6 25. Qd4 e5 26. Qh4 Be8 27. Bxe8 Qxe8 28. Bxf6 gxf6 29. Qxf6 Nc6 30. Rf5 Ne7 31. Rxe5 1-0

[Event "Hordaland-ch NGP A"]
[Site "Bergen"]
[Date "2009.05.09"]
[Round "2"]
[White "Demac, Elias"]
[Black "Larsen, Tor Kristian"]
[Result "1-0"]
[WhiteElo "2145"]
[BlackElo "1985"]
[PlyCount "55"]
[EventDate "2009.05.08"]
[EventType "swiss"]
[EventRounds "5"]
[EventCountry "NOR"]
[SourceTitle "EXT 2024"]
[Source "ChessBase"]
[SourceDate "2023.10.10"]
[SourceVersion "1"]
[SourceVersionDate "2023.10.10"]
[SourceQuality "1"]

1. d4 Nf6 2. c4 e6 3. g3 d5 4. Nf3 Be7 5. Bg2 0-0 6. 0-0 dxc4 7. Qc2 a6 8. Qxc4 b5 9. Qc2 Bb7 10. Nbd2 Nbd7 11. e4 c5 12. Ng5 g6 13. dxc5 Nxc5 14. Nb3 Rc8 15. Nxc5 Rxc5 16. Qb3 Nd7 17. h4 Ne5 18. Be3 Rc4 19. Rad1 Qa8 20. f3 Rb4 21. Qc3 Nc4 22. Bc1 Rc8 23. b3 Ne3 24. Qxe3 Bc5 25. Rd8+ Rxd8 26. Qxc5 Rbd4 27. Bb2 R4d7 28. Qe5 1-0

[Event "Gjovik op"]
[Site "Gjovik"]
[Date "2008.12.31"]
[Round "3"]
[White "Bjerke, Richard"]
[Black "Larsen, Tor Kristian"]
[Result "1/2-1/2"]
[WhiteElo "2179"]
[BlackElo "2105"]
[PlyCount "79"]
[EventDate "2008.12.29"]
[EventType "swiss"]
[EventRounds "9"]
[EventCountry "NOR"]
[SourceTitle "CBM 130 Extra"]
[Source "ChessBase"]
[SourceDate "2009.07.02"]
[SourceVersion "2"]
[SourceVersionDate "2009.07.15"]
[SourceQuality "1"]

1. Nf3 Nf6 2. c4 b6 3. d4 e6 4. g3 Ba6 5. b3 Bb4+ 6. Bd2 Be7 7. Bg2 Bb7 8. 0-0 0-0 9. Bc3 Ne4 10. Qc2 Qc8 11. Bb2 d6 12. Nc3 Nxc3 13. Bxc3 c5 14. dxc5 bxc5 15. Rad1 Nd7 16. Rd2 Nf6 17. Ng5 e5 18. f4 Bxg2 19. fxe5 Ne4 20. Nxe4 Bxf1 21. Kxf1 dxe5 22. Bxe5 Qf5+ 23. Bf4 Rad8 24. Ng5 Qxc2 25. Rxc2 Rd1+ 26. Kf2 Bxg5 27. Bxg5 Re8 28. Rd2 Rxd2 29. Bxd2 Rc8 30. Kf3 Kf8 31. Ke4 Ke7 32. Bc3 Ke6 33. Bxg7 Rc6 34. Kd3 Ra6 35. Bf8 Rxa2 36. Bxc5 a6 37. b4 Ra3+ 38. Kc2 Ra2+ 39. Kd3 Ra3+ 40. Kc2 1/2-1/2

[Event "Gjovik op"]
[Site "Gjovik"]
[Date "2008.12.30"]
[Round "2"]
[White "Larsen, Tor Kristian"]
[Black "Stenersen, Gudmund"]
[Result "1/2-1/2"]
[WhiteElo "2105"]
[BlackElo "2189"]
[PlyCount "92"]
[EventDate "2008.12.29"]
[EventType "swiss"]
[EventRounds "9"]
[EventCountry "NOR"]
[SourceTitle "CBM 130 Extra"]
[Source "ChessBase"]
[SourceDate "2009.07.02"]
[SourceVersion "2"]
[SourceVersionDate "2009.07.15"]
[SourceQuality "1"]

1. Nf3 d6 2. d4 Bf5 3. c4 Nd7 4. Nc3 Ngf6 5. Nh4 e6 6. Nxf5 exf5 7. Qc2 g6 8. g3 Bg7 9. Bg2 c6 10. Bf4 Qe7 11. d5 cxd5 12. Rd1 0-0 13. Nxd5 Nxd5 14. Rxd5 Ne5 15. 0-0 Rac8 16. b3 Rc5 17. Qd2 Rfc8 18. Rxd6 b5 19. Rd1 bxc4 20. Rd8+ Bf8 21. Rxc8 Rxc8 22. Qe3 Re8 23. bxc4 Nxc4 24. Qxe7 Rxe7 25. Rd8 Kg7 26. Bd5 Ne5 27. Be3 Rc7 28. Bd4 f6 29. Ra8 Nc6 30. Bxc6 Rxc6 31. Rxa7+ Kg8 32. e3 Bc5 33. Bxc5 Rxc5 34. a4 Rc1+ 35. Kg2 Ra1 36. h4 h5 37. Ra8+ Kg7 38. Ra7+ Kg8 39. Kf3 Ra2 40. Ra8+ Kg7 41. a5 g5 42. a6 g4+ 43. Kg2 Ra1 44. a7 Ra2 45. Kg1 Ra1+ 46. Kg2 Ra2 1/2-1/2

[Event "Bergen Sommer op-A"]
[Site "Bergen"]
[Date "2008.08.08"]
[Round "6"]
[White "Larsen, Tor Kristian"]
[Black "Frisvold, Ole Emil"]
[Result "1-0"]
[WhiteElo "1946"]
[BlackElo "1284"]
[PlyCount "201"]
[EventDate "2008.08.03"]
[EventType "swiss"]
[EventRounds "6"]
[EventCountry "NOR"]
[SourceTitle "EXT 2010"]
[Source "ChessBase"]
[SourceDate "2010.11.25"]
[SourceVersion "1"]
[SourceVersionDate "2010.11.25"]
[SourceQuality "1"]

1. Nf3 f5 2. d4 Nf6 3. g3 g6 4. Bg2 Bg7 5. 0-0 d6 6. b3 e5 7. dxe5 dxe5 8. Qxd8+ Kxd8 9. Bb2 e4 10. Ng5 Ke8 11. Na3 h6 12. Nh3 Be6 13. Nb5 Na6 14. Nd4 Bf7 15. e3 Nd5 16. Rab1 Rd8 17. a3 Nc5 18. Rfd1 c6 19. Nxc6 Bxb2 20. Nxd8 Nc3 21. Nxf7 Kxf7 22. a4 Ba3 23. Kf1 Nxb1 24. Rxb1 Rd8 25. Ke2 g5 26. Ng1 Na6 27. g4 Nb4 28. gxf5 Nd5 29. Kf1 Nc3 30. Ra1 Bb2 31. Re1 Kf6 32. f3 Kxf5 33. fxe4+ Nxe4 34. Nf3 Bc3 35. Nd4+ Bxd4 36. Bxe4+ Kxe4 37. exd4+ Kf3 38. Rd1 Ke4 39. Re1+ Kf3 40. Rd1 Ke4 41. c3 a6 42. Ke2 h5 43. Rd3 g4 44. Re3+ Kf4 45. Re7 b5 46. axb5 axb5 47. Kd3 Ra8 48. Re4+ Kf3 49. Re5 h4 50. Rxb5 Ra2 51. Rf5+ Kg2 52. Rf4 Kh3 53. d5 Rxh2 54. d6 Rh1 55. Rd4 Rd1+ 56. Kc4 Rxd4+ 57. cxd4 g3 58. d7 g2 59. d8Q g1Q 60. d5 Qg4+ 61. Kc5 Qg1+ 62. Kc6 Qc1+ 63. Kb7 Qd1 64. Qc8+ Kg3 65. Qg8+ Qg4 66. Qxg4+ Kxg4 67. d6 h3 68. d7 h2 69. d8Q h1Q+ 70. Kb6 Qg1+ 71. Kb5 Qf1+ 72. Kc5 Qc1+ 73. Kb4 Qe1+ 74. Kc4 Qc1+ 75. Kb5 Qf1+ 76. Kb6 Qf2+ 77. Kb5 Qf1+ 78. Ka5 Qa1+ 79. Kb6 Qg1+ 80. Kc6 Qc1+ 81. Kb7 Qb2 82. Qd7+ Kf4 83. Qd6+ Ke4 84. b4 Qg7+ 85. Qc7 Qb2 86. Qc6+ Kd3 87. b5 Qg7+ 88. Kc8 Qg8+ 89. Kc7 Ke2 90. b6 Qf7+ 91. Kd8 Kf1 92. b7 Qf8+ 93. Kc7 Qe7+ 94. Kb6 Qe3+ 95. Qc5 Qh6+ 96. Ka7 Qg7 97. Qc1+ Kf2 98. Ka8 Ke2 99. b8Q Qg3 100. Qc2+ Kf1 101. Qd1+ 1-0

[Event "Bergen Hordaland op"]
[Site "Bergen"]
[Date "2008.04.06"]
[Round "5"]
[White "Larsen, Tor Kristian"]
[Black "Aagedal, Geir Ole"]
[Result "1-0"]
[WhiteElo "1904"]
[BlackElo "1546"]
[PlyCount "69"]
[EventDate "2008.04.04"]
[EventType "swiss"]
[EventRounds "5"]
[EventCountry "NOR"]
[SourceTitle "EXT 2010"]
[Source "ChessBase"]
[SourceDate "2010.11.25"]
[SourceVersion "1"]
[SourceVersionDate "2010.11.25"]
[SourceQuality "1"]

1. e4 e5 2. Nf3 Nc6 3. Bb5 a6 4. Ba4 Nf6 5. 0-0 b5 6. Bb3 d6 7. Ng5 d5 8. exd5 Nd4 9. Re1 Bd6 10. d3 Nxb3 11. axb3 0-0 12. c4 b4 13. Ne4 Nxe4 14. dxe4 f5 15. exf5 Bxf5 16. Be3 e4 17. Nd2 Qh4 18. Nf1 Bg4 19. Qd2 Rf5 20. Ng3 Rh5 21. h3 Bxg3 22. fxg3 Qxg3 23. Bf4 Qh4 24. hxg4 Qh1+ 25. Kf2 Qh4+ 26. Ke3 Qxg4 27. Qe2 Qg6 28. Bxc7 Rg5 29. g3 Rc8 30. Bf4 Qb6+ 31. Kd2 Rxd5+ 32. Kc2 Rd3 33. Qxe4 Qf2+ 34. Re2 Rxc4+ 35. Qxc4+ 1-0

[Event "Bergen Hordaland op"]
[Site "Bergen"]
[Date "2008.04.05"]
[Round "3"]
[White "Larsen, Tor Kristian"]
[Black "Sandal, Eirik"]
[Result "1-0"]
[WhiteElo "1904"]
[BlackElo "1953"]
[PlyCount "51"]
[EventDate "2008.04.04"]
[EventType "swiss"]
[EventRounds "5"]
[EventCountry "NOR"]
[SourceTitle "EXT 2010"]
[Source "ChessBase"]
[SourceDate "2010.11.25"]
[SourceVersion "1"]
[SourceVersionDate "2010.11.25"]
[SourceQuality "1"]

1. Nf3 c5 2. c4 Nf6 3. Nc3 g6 4. e4 d6 5. d4 cxd4 6. Nxd4 Bg7 7. Be2 0-0 8. 0-0 Bd7 9. Be3 Qa5 10. a3 Nc6 11. b4 Qc7 12. Rc1 Nxd4 13. Bxd4 Rfc8 14. Bxf6 exf6 15. Nd5 Qd8 16. Bg4 f5 17. exf5 h5 18. Bh3 Qh4 19. fxg6 Bxh3 20. gxf7+ Kf8 21. gxh3 b5 22. Qf3 bxc4 23. Kh1 Rab8 24. Rg1 Qd4 25. Nf4 Qf6 26. Rxg7 1-0

[Event "Bergen Hordaland op"]
[Site "Bergen"]
[Date "2008.04.05"]
[Round "4"]
[White "Larsen, Tor Kristian"]
[Black "Tjensvoll, Tore"]
[Result "0-1"]
[WhiteElo "1904"]
[BlackElo "1861"]
[PlyCount "96"]
[EventDate "2008.04.04"]
[EventType "swiss"]
[EventRounds "5"]
[EventCountry "NOR"]
[SourceTitle "EXT 2010"]
[Source "ChessBase"]
[SourceDate "2010.11.25"]
[SourceVersion "1"]
[SourceVersionDate "2010.11.25"]
[SourceQuality "1"]

1. Nf3 Nf6 2. c4 b6 3. g3 Bb7 4. Bg2 e6 5. 0-0 Be7 6. Nc3 d5 7. cxd5 exd5 8. d3 Nbd7 9. Nd4 0-0 10. Nf5 Re8 11. Nxe7+ Qxe7 12. Bf4 Nf8 13. Bg5 Rad8 14. Qa4 a6 15. Qh4 Ne6 16. Bxf6 Qxf6 17. Qxf6 gxf6 18. Rac1 c5 19. a4 Re7 20. Rfe1 Kg7 21. Na2 b5 22. axb5 axb5 23. Nc3 b4 24. Na4 Rc7 25. f4 f5 26. e3 Rd6 27. b3 Ba6 28. Red1 Bb5 29. Ra1 Re7 30. Kf2 Red7 31. Bf3 c4 32. dxc4 dxc4 33. bxc4 Rxd1 34. Bxd1 Rxd1 35. Rxd1 Bxa4 36. Ra1 Bc2 37. Ra5 b3 38. Rb5 Nc5 39. Ke2 Ne4 40. Rb4 Kg6 41. Kf3 Nd2+ 42. Kf2 Nxc4 43. Rxc4 b2 44. Rxc2 b1Q 45. Re2 Qh1 46. h4 Kh5 47. Re1 Qe4 48. Kg1 Qf3 0-1

[Event "Bergen Hordaland op"]
[Site "Bergen"]
[Date "2008.04.05"]
[Round "2"]
[White "Lie, Terje"]
[Black "Larsen, Tor Kristian"]
[Result "0-1"]
[WhiteElo "1344"]
[BlackElo "1904"]
[PlyCount "100"]
[EventDate "2008.04.04"]
[EventType "swiss"]
[EventRounds "5"]
[EventCountry "NOR"]
[SourceTitle "EXT 2010"]
[Source "ChessBase"]
[SourceDate "2010.11.25"]
[SourceVersion "1"]
[SourceVersionDate "2010.11.25"]
[SourceQuality "1"]

1. Nf3 Nf6 2. g3 d5 3. d4 e6 4. Bg2 c5 5. 0-0 cxd4 6. Nxd4 Nc6 7. c3 Be7 8. Nd2 e5 9. Nxc6 bxc6 10. e4 0-0 11. exd5 cxd5 12. Nf3 Bg4 13. Qc2 Qc7 14. Re1 Bd6 15. Nh4 h6 16. Nf5 Bc5 17. Nxh6+ gxh6 18. Bxh6 Rfd8 19. Qd2 Nh7 20. Be3 Bxe3 21. Qxe3 e4 22. f3 exf3 23. Bxf3 Bxf3 24. Qxf3 Rd6 25. Qg4+ Rg6 26. Qd1 Ng5 27. Kg2 Qd7 28. Re3 Qh3+ 29. Kh1 Rh6 30. Qd2 Rd8 31. Qg2 Qg4 32. Rae1 Kg7 33. Qe2 Qxe2 34. R1xe2 Re6 35. Kg2 Rxe3 36. Rxe3 Rb8 37. h4 Rxb2+ 38. Kf1 Ne4 39. a3 Rb3 40. a4 Rxc3 41. Rxc3 Nxc3 42. a5 d4 43. g4 d3 44. Ke1 Ne4 45. Kf1 Kg6 46. Ke1 Kf6 47. Kf1 Ke5 48. h5 Kd4 49. Ke1 Ke3 50. g5 d2+ 0-1

[Event "Bergen Sommer op-A"]
[Site "Bergen"]
[Date "2007.08.10"]
[Round "6"]
[White "Guttulsrud, Odd Martin"]
[Black "Larsen, Tor Kristian"]
[Result "0-1"]
[WhiteElo "1426"]
[BlackElo "1971"]
[PlyCount "102"]
[EventDate "2007.08.05"]
[EventType "swiss"]
[EventRounds "6"]
[EventCountry "NOR"]
[SourceTitle "CBM 119 Extra"]
[Source "ChessBase"]
[SourceDate "2007.09.04"]
[SourceVersion "1"]
[SourceVersionDate "2007.09.04"]
[SourceQuality "1"]

1. c4 c5 2. g3 g6 3. Bg2 Bg7 4. Nc3 Nc6 5. e4 e5 6. d3 Nge7 7. Nge2 d6 8. 0-0 0-0 9. Nd5 Nxd5 10. exd5 Ne7 11. Nc3 Bd7 12. Rb1 Rb8 13. b4 cxb4 14. Rxb4 Qa5 15. Qb3 Nf5 16. Be3 Nxe3 17. fxe3 Qc5 18. Re1 b6 19. Ne4 Qc7 20. Qa3 Rbd8 21. Rb2 Bc8 22. Nc3 Qe7 23. Nb5 Rd7 24. Rd2 f5 25. e4 f4 26. Bh3 Rfd8 27. Bxd7 Rxd7 28. Rf1 g5 29. Qb4 Rd8 30. a4 Bh3 31. Ra1 Qd7 32. Qb3 fxg3 33. hxg3 Qg4 34. Kh2 Rf8 35. Nxd6 Qh5 36. Qb2 Rf3 37. Rf2 Rxd3 38. Qc2 Bg4+ 39. Kg1 Rxg3+ 40. Rg2 Bf3 41. Rxg3 Qh1+ 42. Kf2 Qh2+ 43. Kxf3 Qxc2 44. Kg4 Qf2 45. Raa3 Qf4+ 46. Kh3 Bf8 47. Rg4 Qf1+ 48. Kh2 Bxd6 49. Rxg5+ Kf8 50. Rf5+ Qxf5 51. exf5 Bxa3 0-1

[Event "Bergen Sommer op-A"]
[Site "Bergen"]
[Date "2007.08.09"]
[Round "5"]
[White "Larsen, Tor Kristian"]
[Black "Jelogir, Majid G"]
[Result "1-0"]
[WhiteElo "1971"]
[BlackElo "1320"]
[PlyCount "84"]
[EventDate "2007.08.05"]
[EventType "swiss"]
[EventRounds "6"]
[EventCountry "NOR"]
[SourceTitle "CBM 119 Extra"]
[Source "ChessBase"]
[SourceDate "2007.09.04"]
[SourceVersion "1"]
[SourceVersionDate "2007.09.04"]
[SourceQuality "1"]

1. Nf3 Nf6 2. c4 g6 3. Nc3 Bg7 4. e4 d6 5. d4 0-0 6. Be2 e5 7. 0-0 Nc6 8. d5 Ne7 9. b4 a5 10. Ba3 Ne8 11. c5 f5 12. Ng5 Rf6 13. Bc4 Bd7 14. c6 Bc8 15. Ne6 Bxe6 16. cxb7 Bd7 17. bxa8Q Qxa8 18. bxa5 Qxa5 19. Qb3 fxe4 20. Nxe4 Rf4 21. Nc5 Rxc4 22. Qxc4 Bb5 23. Qb3 Bxf1 24. Rxf1 Kf7 25. Bb4 Qa8 26. Qf3+ Nf6 27. Ne4 Qxd5 28. Ng5+ Kg8 29. Qe2 Nc6 30. Bc3 h6 31. Nf3 e4 32. Ne1 Qc5 33. Bxf6 Bxf6 34. Qxe4 Kg7 35. Nd3 Qb5 36. Nf4 Ne5 37. Rb1 Qa5 38. Qc2 Bg5 39. Ne6+ Kf6 40. Nxc7 Qa7 41. Rb6 Qa3 42. Rxd6+ Ke7 1-0

[Event "Bergen Sommer op-A"]
[Site "Bergen"]
[Date "2007.08.08"]
[Round "4"]
[White "Larsen, Stig Borje"]
[Black "Larsen, Tor Kristian"]
[Result "1-0"]
[WhiteElo "1826"]
[BlackElo "1971"]
[PlyCount "39"]
[EventDate "2007.08.05"]
[EventType "swiss"]
[EventRounds "6"]
[EventCountry "NOR"]
[SourceTitle "CBM 119 Extra"]
[Source "ChessBase"]
[SourceDate "2007.09.04"]
[SourceVersion "1"]
[SourceVersionDate "2007.09.04"]
[SourceQuality "1"]

1. e4 c5 2. Nf3 Nc6 3. d4 cxd4 4. Nxd4 g6 5. Nc3 Bg7 6. Be3 Nf6 7. Bc4 Qa5 8. 0-0 0-0 9. Bb3 d6 10. h3 Bd7 11. f4 Qh5 12. Nf3 b5 13. a3 a5 14. Qd3 b4 15. Ne2 a4 16. Bc4 Qa5 17. Rad1 Rfb8 18. e5 Bf5 19. Bxf7+ Kxf7 20. Qc4+ 1-0

[Event "Bergen Sommer op-A"]
[Site "Bergen"]
[Date "2007.08.07"]
[Round "3"]
[White "Bue, Gunnar"]
[Black "Larsen, Tor Kristian"]
[Result "1/2-1/2"]
[WhiteElo "1571"]
[BlackElo "1971"]
[PlyCount "67"]
[EventDate "2007.08.05"]
[EventType "swiss"]
[EventRounds "6"]
[EventCountry "NOR"]
[SourceTitle "CBM 119 Extra"]
[Source "ChessBase"]
[SourceDate "2007.09.04"]
[SourceVersion "1"]
[SourceVersionDate "2007.09.04"]
[SourceQuality "1"]

1. d4 Nf6 2. c4 e6 3. Nf3 b6 4. e3 Bb7 5. Bd3 Be7 6. 0-0 d5 7. b3 0-0 8. Nc3 c5 9. Bb2 cxd4 10. exd4 Nc6 11. cxd5 Nxd5 12. Nxd5 Qxd5 13. Bc4 Qa5 14. Qe2 a6 15. a3 Qh5 16. Ne5 Qxe2 17. Bxe2 Nxe5 18. dxe5 Rac8 19. Rac1 Bg5 20. f4 Be7 21. b4 Rfd8 22. Rxc8 Rxc8 23. Rc1 Rxc1+ 24. Bxc1 a5 25. Bd2 axb4 26. axb4 Bc6 27. Kf2 Kf8 28. b5 Bd5 29. g4 Ke8 30. Kg3 Bd8 31. h4 Be7 32. g5 Kf8 33. h5 Kg8 34. Bd3 1/2-1/2

[Event "Hordaland-ch"]
[Site "Sotra"]
[Date "2007.03.03"]
[Round "2"]
[White "Larsen, Tor Kristian"]
[Black "Blom, Erlend R"]
[Result "1/2-1/2"]
[WhiteElo "1988"]
[BlackElo "1320"]
[PlyCount "44"]
[EventDate "2007.03.02"]
[EventType "swiss"]
[EventRounds "5"]
[EventCountry "NOR"]
[SourceTitle "EXT 2010"]
[Source "ChessBase"]
[SourceDate "2010.11.25"]
[SourceVersion "1"]
[SourceVersionDate "2010.11.25"]
[SourceQuality "1"]

1. e4 c5 2. a3 Nc6 3. b4 cxb4 4. axb4 Nxb4 5. d4 d5 6. c3 Nc6 7. exd5 Qxd5 8. Na3 e5 9. Nb5 Bd6 10. Bc4 Qe4+ 11. Be3 Bb8 12. Nf3 Bg4 13. Bxf7+ Ke7 14. Qb3 Nh6 15. Bd5 Qg6 16. Bg5+ Kd7 17. Bxc6+ bxc6 18. Rxa7+ Rxa7 19. Nxa7 Bxf3 20. Qb7+ Bc7 21. gxf3 Rb8 22. Qa6 Qxg5 1/2-1/2

[Event "Sandefjord GP Group-A"]
[Site "Sandefjord"]
[Date "2006.10.14"]
[Round "3"]
[White "Solli, Oddvar"]
[Black "Larsen, Tor Kristian"]
[Result "0-1"]
[WhiteElo "1528"]
[BlackElo "2007"]
[PlyCount "60"]
[EventDate "2006.10.13"]
[EventType "swiss"]
[EventRounds "5"]
[EventCountry "NOR"]
[SourceTitle "EXT 2009"]
[Source "ChessBase"]
[SourceDate "2008.11.26"]
[SourceVersion "1"]
[SourceVersionDate "2008.11.26"]
[SourceQuality "1"]

1. d4 Nf6 2. c4 e6 3. Nc3 Bb4 4. e3 b6 5. Nge2 Ba6 6. a3 Be7 7. Nf4 d5 8. cxd5 Bxf1 9. Kxf1 exd5 10. g4 g5 11. Nd3 h5 12. gxh5 Qd7 13. Ne5 Qh3+ 14. Kg1 g4 15. Qf1 c6 16. Qg2 Qxh5 17. Bd2 Bd6 18. e4 dxe4 19. Nxe4 Nxe4 20. Qxe4 f5 21. Qe2 Kd8 22. Re1 Kc7 23. Qc4 Bxe5 24. Rxe5 Re8 25. Rxe8 Qxe8 26. Kg2 Qe4+ 27. Kg1 Nd7 28. Qc3 f4 29. f3 gxf3 30. Kf2 Qe2+ 0-1